|
|
|
|
| LEADER |
01653cam a2200217ua 4500 |
| 082 |
1 |
4 |
|a 658.5
|b ASW-O
|
| 100 |
1 |
|
|a Aswathappa, K .
|
| 245 |
1 |
0 |
|a Production and operations management /
|
| 260 |
|
|
|a Mumbai :
|b Himalaya Publishing House ,
|c 2001.
|
| 300 |
|
|
|a 1406p ;
|
| 650 |
|
0 |
|a Operations management
|
| 942 |
|
|
|c BK
|
| 999 |
|
|
|c 35802
|d 35802
|
| 952 |
|
|
|0 0
|1 0
|4 0
|6 658_500000000000000_ASWO
|7 0
|9 45902
|a KU
|b KU
|d 2015-07-05
|l 5
|o 658.5 ASW-O
|p MB00232
|r 2019-04-29
|s 2019-03-26
|y BK
|
| 952 |
|
|
|0 0
|1 0
|4 0
|6 658_500000000000000_ASWO
|7 0
|9 45903
|a KU
|b KU
|d 2015-07-05
|l 7
|o 658.5 ASW-O
|p MB00345
|r 2020-12-24
|s 2019-03-26
|y BK
|
| 952 |
|
|
|0 0
|1 0
|4 0
|6 658_500000000000000_ASWO
|7 0
|9 45904
|a KU
|b KU
|d 2015-07-05
|e KU/Pl.D./UGC/786/05 dtd.18/06/2005
|l 5
|o 658.5 ASW-O
|p MB01834
|r 2020-12-24
|s 2019-04-05
|y BK
|
| 952 |
|
|
|0 0
|1 0
|4 0
|6 658_500000000000000_ASW_O
|7 0
|9 45905
|a KU
|b KU
|d 2015-07-05
|e KU/Pl.D./UGC/786/05 dtd.18/06/2005
|l 13
|o 658.5 ASW/O
|p MB01835
|q 2021-02-03
|r 2021-01-04
|s 2021-01-04
|w 2015-07-05
|y BK
|
| 952 |
|
|
|0 0
|1 0
|4 0
|6 658_500000000000000_ASWO
|7 0
|9 45906
|a KU
|b KU
|d 2015-07-05
|e KU/Pl.D./UGC/786/05 dtd.18/06/2005
|l 7
|o 658.5 ASW-O
|p MB01836
|r 2020-12-24
|s 2020-02-20
|y BK
|
| 952 |
|
|
|0 0
|1 0
|4 0
|6 658_500000000000000_ASWO
|7 0
|9 45907
|a KU
|b KU
|d 2015-07-05
|e KU/Pl.D./UGC/786/05 dtd.18/06/2005
|l 12
|o 658.5 ASW-O
|p MB01837
|r 2020-12-24
|s 2020-02-20
|y BK
|
| 952 |
|
|
|0 0
|1 0
|4 0
|6 658_500000000000000_ASW_O
|7 0
|9 45908
|a KU
|b KU
|d 2015-07-05
|e KU/Pl.D./UGC/786/05 dtd.18/06/2005
|l 14
|o 658.5 ASW/O
|p MB01838
|r 2020-12-24
|s 2020-11-17
|w 2015-07-05
|y BK
|
| 952 |
|
|
|0 0
|1 0
|4 0
|6 658_500000000000000_ASW_O
|7 0
|9 45909
|a KU
|b KU
|d 2015-07-05
|e KU/Pl.D./UGC/786/05 dtd.18/06/2005
|l 13
|o 658.5 ASW/O
|p MB02038
|r 2020-12-24
|s 2020-02-20
|w 2015-07-05
|y BK
|